Culture Générale - Série 2100 - Statistiques

Statistiques générales
  • Ce quiz a été pris 98 fois
  • Le résultat moyen est 3 sur 10
Statistiques - réponses
Question Réponse % Correct
Quelle est la capitale de la Jordanie ? Amman
78%
Qui fut le premier Français dans l’espace, en 1982 ? voir photo Jean-Loup Chrétien
55%
Quel est le symbole des Républicains aux USA ? éléphant
53%
Quel ancien triple champion olympique de canoé monoplace en slalom est le président du comité organisateur des JO de Paris en 2024 ? Tony Estanguet
49%
Quelle actrice a incarné « La grande Sauterelle » dans le film du même nom de Georges Lautner en 1967 ? Mireille Darc
46%
Quel médecin, décédé en 2017, a réalisé la première transplantation cardiaque en Europe en 1968 ? Christian Cabrol
14%
Quel ouragan a dévasté les îles de Saint-Martin et Saint Barthélémy début septembre 2017 ? Irma
11%
Comment s'appelle la femme de Guignol ? Madelon
11%
Quelle célèbre danseuse étoile est à la tête du ballet de l'Opéra de Paris ? Aurélie Dupont
10%
Quel fut le premier pays à abolir la peine de mort en 1863 ? Venezuela
8%
Aucun quiz correspondant
Distribution des résultats
% des personnes avec chaque résultat
Percentile par nombre de réponses
Votre historique - résultats
Vous n’avez pas pris ce quiz